Simpsons Episodes (Season 4) - Statistics

General Stats
  • This quiz has been taken 5 times
  • The average score is 20 of 22
Answer Stats
Picture Answer % Correct
A Streetcar Named Marge
100%
Duffless
100%
Homer's Triple Bypass
100%
Homer the Heretic
100%
Itchy & Scratchy: The Movie
100%
Kamp Krusty
100%
Krusty Gets Kancelled
100%
Last Exit to Springfield
100%
Lisa's First Word
100%
Lisa the Beauty Queen
100%
Marge in Chains
100%
Marge vs. the Monorail
100%
Mr. Plow
100%
Treehouse of Horror III
100%
Whacking Day
100%
I Love Lisa
75%
Marge Gets a Job
75%
New Kid on the Block
75%
Selma's Choice
75%
The Front
75%
Brother From the Same Planet
50%
So It's Come to This: A Simpson's Clip Show
50%
No matching quizzes found
Score Distribution
Percent of People with Each Score
Percentile by Number Answered
Your Score History
You have not taken this quiz